UK Timber Frame Association (Record no. 120880)

MARC details
000 -LEADER
fixed length control field 00853cad a22002055a 4500
001 - CONTROL NUMBER
control field L151366
008 - FIXED-LENGTH DATA ELEMENTS--GENERAL INFORMATION
fixed length control field 101026s2010 xxk f 000 0 eng d
035 ## - SYSTEM CONTROL NUMBER
System control number (Sirsi) u151366
041 0# - LANGUAGE CODE
Language code of text/sound track or separate title eng
050 04 - LIBRARY OF CONGRESS CALL NUMBER
Classification number 694.01 $2 18
110 2# - MAIN ENTRY--CORPORATE NAME
Corporate name or jurisdiction name as entry element UK Timber Frame Association
9 (RLIN) 5010
245 00 - TITLE STATEMENT
Title UK Timber Frame Association
Medium [electronic resource]
260 ## - PUBLICATION, DISTRIBUTION, ETC.
Place of publication, distribution, etc. [S.l.]
Name of publisher, distributor, etc. UKTFA
Date of publication, distribution, etc. 2009
520 ## - SUMMARY, ETC.
Summary, etc. The UK Timber Frame Association (UKTFA) is the trade association representing over 85% of UK timber frame manufacturers; it is the primary source for all timber frame information for the construction industry, policy makers and the general public.
590 ## - LOCAL NOTE (RLIN)
Local note KA NTK
651 #4 - SUBJECT ADDED ENTRY--GEOGRAPHIC NAME
Geographic name United Kingdom
Chronological subdivision
690 ## - LOCAL SUBJECT ADDED ENTRY--TOPICAL TERM (OCLC, RLIN)
Topical term or geographic name as entry element BUILT ENVIRONMENT-BUILDING MATERIALS-TIMBER
856 40 - ELECTRONIC LOCATION AND ACCESS
Uniform Resource Identifier <a href="https://www.uktfa.com/">https://www.uktfa.com/</a>
Public note View the website free of charge at www.uktfa.com
942 ## - ADDED ENTRY ELEMENTS (KOHA)
Suppress in OPAC 0
Holdings
Withdrawn status Lost status Source of classification or shelving scheme Damaged status Not for loan Home library Current library Shelving location Date acquired Total Checkouts Full call number Barcode Date last seen Copy number Price effective from Koha item type
    Dewey Decimal Classification     Virtual Virtual Online 26/10/2010   WEBSITE 151366-1001 06/08/2019 1 06/08/2019 Book